Tajomstvo štíhlosti

Bibliographic Details
Main Author: Cameron, Constance (Author)
Format: Book
Language:Slovak
English
PhysicalDescription:32 s. 31 cm
Published: Bratislava Bibliotheka 1943
Series:Krásne romány
Subjects:

MARC

LEADER 00000nam a2200000 a 4500
001 vtls008366362
003 SK-MaSNL
005 20260301140408.0
008 240314s1943 xo slo
020 |q (brož.) 
035 |a SK01SNKBKSD220010058579 
035 |a SKM000061042 
040 |a SNK  |b slo  |c SNK  |e AACR2 
041 1 |a slo  |h eng 
044 |a xo  |c SK 
080 |a 821.111  |2 2009 
100 1 |a Cameron, Constance  |4 aut  |9 493022 
245 1 0 |a Tajomstvo štíhlosti  |c Constance Cameron 
260 |a Bratislava  |b Bibliotheka  |c 1943  |e Žilina  |f Andrej fil. 
300 |a 32 s.  |c 31 cm 
490 0 |a Krásne romány 
500 |a Ilustrovaný titulný list 
650 0 7 |a anglická literatúra  |2 SNKPH  |9 1295 
655 7 |a romány  |2 SNKPH  |9 1390 
830 0 |a Krásne romány  |9 309599 
852 |a snk  |b SNK  |p SB 87614 
999 |c 763524  |d 765454 
952 |a SNK  |b SNK  |y PREZ  |7 0  |p 17A0810788  |o snkSB 87614  |i snk2014/23589  |8 3  |g 3.00  |0 0  |1 0  |4 0  |d 2014-10-30  |l 0  |r 2025-05-12 00:00:00  |w 2026-02-24